Fast Typing WPM Test - 1 Minute Sprint! - Statistics

General Stats
  • This quiz has been taken 859 times
  • The average score is 38 of 100
Answer Stats
Word Type it! % Correct
Novel Novel
98%
Column Column
97%
School School
97%
Maker Maker
96%
Theater Theater
95%
House House
94%
Chicken Chicken
93%
Super Super
93%
Celebrity Celebrity
92%
Terrible Terrible
91%
Jogging Jogging
88%
Goggles Goggles
87%
Water Water
87%
Panda Panda
84%
General General
74%
Transformer Transformer
74%
Doctor Doctor
70%
Zebra Zebra
65%
Quiz Quiz
64%
Wedding Wedding
64%
Steel Steel
62%
Avatar Avatar
61%
Checking Checking
60%
Wallet Wallet
59%
Pencil Pencil
58%
Science Science
57%
Room Room
54%
Coconut Coconut
53%
Indecisive Indecisive
52%
Lousy Lousy
51%
Polar Polar
51%
Random Random
51%
Stirring Stirring
50%
Believe Believe
47%
Music Music
47%
Post Post
46%
Jungle Jungle
45%
Banker Banker
44%
Cheetah Cheetah
42%
Coming Coming
42%
Behind Behind
40%
Hello Hello
40%
Welcome Welcome
40%
Notebook Notebook
38%
Computer Computer
36%
Really Really
36%
Stand Stand
36%
Woman Woman
36%
Planet Planet
35%
Daily Daily
34%
Feminine Feminine
34%
Graphic Graphic
32%
Muscular Muscular
32%
Modern Modern
31%
Shepard Shepard
30%
Father Father
28%
Laughing Laughing
28%
Photography Photography
27%
Salad Salad
27%
System System
25%
Fantastic Fantastic
24%
Joker Joker
24%
Yellow Yellow
23%
Unspeakable Unspeakable
22%
Marvelous Marvelous
21%
Riddle Riddle
20%
Astral Astral
18%
Capital Capital
18%
Detective Detective
17%
Hoarse Hoarse
14%
Honest Honest
13%
County County
12%
Dining Dining
12%
Number Number
12%
Tomorrow Tomorrow
12%
Money Money
10%
Sticking Sticking
8%
Violence Violence
8%
Waking Waking
8%
Black Black
7%
Calendar Calendar
7%
Creator Creator
7%
Correct Correct
6%
Guitar Guitar
6%
Medicine Medicine
6%
Sheepish Sheepish
6%
Horrible Horrible
5%
Journey Journey
5%
Tuesday Tuesday
5%
Closet Closet
4%
Cream Cream
4%
Jupiter Jupiter
4%
Math Math
4%
Selling Selling
4%
Service Service
4%
Shower Shower
4%
Sound Sound
4%
Writing Writing
4%
Bathroom Bathroom
2%
Cryptography Cryptography
1%
No matching quizzes found
Score Distribution
Percent of People with Each Score
Percentile by Number Answered
Your Score History
You have not taken this quiz